Normal view
MARC view
- الجنس - العلوم الطبية
Entry Topical Term
001 - CONTROL NUMBER
- control field: 35682
003 - CONTROL NUMBER IDENTIFIER
- control field: JO-AjAnu
005 - DATE AND TIME OF LATEST TRANSACTION
- control field: 20230606075950.0
008 - FIXED-LENGTH DATA ELEMENTS
- fixed length control field: 230606|| aca||aabn | a|a d
040 ## - CATALOGING SOURCE
- Original cataloging agency: JO-AjAnu
- Transcribing agency: JO-AjAnu
150 ## - HEADING--TOPICAL TERM
- Topical term or geographic name entry element: الجنس - العلوم الطبية
670 ## - SOURCE DATA FOUND
- Source citation: Work cat.: (JO-AjAnu)18322: ستوبس، ماري, author 35681, أنا والأنثى